Vplyv odchýlky kruhovitosti na vibrácie valivého ložiska

Podrobná bibliografia
Hlavní autori: Janáč, Alexander, 1939- (Autor), Kuric, Ivan, 1964- (Autor)
Médium: Článok
Jazyk:slovenčina
Fyzický popis:Tab. 3, res. angl., slov., lit. 3 zázn. v angl., češ., slov.
ISBN:802270718X
Predmet:

MARC

LEADER 00000cab a2200000 a 4500
001 vtls000602065
003 SK-MaSNL
005 20260304090815.0
008 250425|1994 xo ||||||| || 0 |slo
015 |a SNBRA19rr/mm-uuuuu 
035 |a CL0602204 
035 |a urn:nbn:sk:snk-ab9kv1 
035 |a (urnnbn)urn:nbn:sk:snk:ar-a08ijt 
035 |a (uuid)536ca6c9-a45e-48fe-8621-4af88da12691 
040 |a SNKBUCL  |b slo  |c SNKBUCL  |e AACR2 
041 0 |a slo  |b eng  |b slo 
044 |a xo  |c SK 
080 |a 621.822.6:621.9.08:531.717:534.13  |2 1981 
080 |a 621.9.08  |2 1981 
080 |a 531.717  |2 1981 
080 |a 534.13  |2 1981 
100 1 |a Janáč, Alexander,  |d 1939-  |4 aut  |9 213711 
245 1 0 |a Vplyv odchýlky kruhovitosti na vibrácie valivého ložiska  |c Alexander Janáč, Ivan Kuric 
300 |b Tab. 3, res. angl., slov., lit. 3 zázn. v angl., češ., slov. 
650 0 7 |a valivé ložiská  |2 snkbucl  |9 67842 
650 0 7 |a mechanické kmitanie  |2 snkbucl  |9 325054 
650 0 7 |a kruhovitosť  |2 snkbucl  |9 934868 
650 0 7 |a odchýlky kruhovitosti  |2 snkbucl  |9 945691 
655 7 |a články zo zborníkov  |2 snkbucl  |9 166140 
700 1 |a Kuric, Ivan,  |d 1964-  |4 aut  |9 217636 
773 0 |t Zborník vedeckých prác Materiálovo-technologickej fakulty Slovenskej technickej univerzity v Bratislave. Zv. 2/1994  |d Bratislava : Slovenská technická univerzita, 1994  |g S. 43-47  |z 802270718X 
850 |a Slovenská národná knižnica 
852 |a Slovenská národná knižnica 
954 |a odborná, vedecká literatúra pôvodná (slovenská)  |2 lita 
958 |a article13 
958 |a OND 
958 |a EUIPO 
999 |c 2812812  |d 2814742